Loading...
Science - Physics | 0 | 4 | 1 | 0 | 35 | 41 | 57.50 | 0 | 4 |
Literature - British Literature | 0 | 3 | 0 | 0 | 30 | 55 | 87.67 | 0 | 2 |
Science - Chemistry | 0 | 4 | 2 | 1 | 30 | 48 | 73.00 | 1 | 2 |
Religion | 0 | 2 | 0 | 0 | 20 | 83 | 85.50 | 0 | 1 |
Science - Biology | 0 | 3 | 3 | 1 | 15 | 45 | 57.33 | 1 | 1 |
Current Events | 0 | 1 | 0 | 1 | 10 | 109 | 109.00 | 0 | 0 |
History - Other History | 0 | 1 | 0 | 1 | 10 | 113 | 113.00 | 0 | 0 |
Literature - European Literature | 0 | 1 | 0 | 0 | 10 | 122 | 122.00 | 0 | 1 |
Mythology | 0 | 2 | 2 | 0 | 10 | 71 | 73.00 | 0 | 1 |
Philosophy | 0 | 1 | 0 | 0 | 10 | 69 | 69.00 | 0 | 0 |
Science - Other Science | 0 | 1 | 0 | 1 | 10 | 105 | 105.00 | 0 | 0 |
History - World History | 0 | 1 | 1 | 0 | 5 | 42 | 42.00 | 1 | 1 |
Social Science | 0 | 1 | 1 | 0 | 5 | 15 | 15.00 | 1 | 1 |
Literature - World Literature | 0 | 1 | 1 | 1 | 5 | 92 | 92.00 | 0 | 0 |
Literature - American Literature | 0 | 0 | 0 | 0 | 0 | 0.00 | 0 | 0 | |
History - American History | 0 | 0 | 1 | 0 | -5 | 0.00 | 0 | 0 |